ბათუმის შოთა რუსთაველის სახელმწიფო უნივერსიტეტის ბიბლიოთეკა

Макроэкономика (ბიბ.ჩანაწერი № 37222)

000 -LEADER
fixed length control field 00640nam a2200229Ia 4500
001 - CONTROL NUMBER
control field 3181
003 - CONTROL NUMBER IDENTIFIER
control field GE_BSU
008 - FIXED-LENGTH DATA ELEMENTS--GENERAL INFORMATION
fixed length control field 181216s||||||||xx |||||||||||||| ||und||
020 ## - INTERNATIONAL STANDARD BOOK NUMBER
International Standard Book Number 586509050x
040 ## - CATALOGING SOURCE
Transcribing agency GE_BSU
080 ## - UNIVERSAL DECIMAL CLASSIFICATION NUMBER
Universal Decimal Classification number 330.101.(075.8)
100 ## - MAIN ENTRY--PERSONAL NAME
Personal name Агапова Т.А., Серегина С.Ф.
245 ## - TITLE STATEMENT
Title Макроэкономика
245 ## - TITLE STATEMENT
Remainder of title Учебник. под, общей редакцией проф. А.В. Сидоровича
260 ## - PUBLICATION, DISTRIBUTION, ETC.
Place of publication, distribution, etc. Москва
260 ## - PUBLICATION, DISTRIBUTION, ETC.
Name of publisher, distributor, etc. МГУ
260 ## - PUBLICATION, DISTRIBUTION, ETC.
Date of publication, distribution, etc. 1997
300 ## - PHYSICAL DESCRIPTION
Extent 416 с. 20 см
653 ## - INDEX TERM--UNCONTROLLED
Uncontrolled term Макроэкономика
942 ## - ADDED ENTRY ELEMENTS (KOHA)
Koha item type წიგნი
ეგზემპლარები
Withdrawn status Lost status Damaged status Not for loan Date acquired Barcode Date last seen Price effective from Koha item type Public note
        2018-12-17 8167 2018-12-17 2018-12-17 წიგნი დარბაზი